Diamond thin film deposition and applications overview

Bibliographic Details
Main Author: Kromka, Alexander 1971- (Author)
Format: Article
Language:Slovak
English
PhysicalDescription:Grafy, sch., tab.
ISSN:1335-3632
Subjects:

MARC

LEADER 00000nab a2200000 a 4500
001 vtls000733402
003 SK-MaSNL
005 20260304132651.0
008 250429c2000 xo 0 slo
015 |a SNBRB2000/10-24846 
035 |a CLN000085509 
035 |a urn:nbn:sk:snk-abk9m 
035 |a (urnnbn)urn:nbn:sk:snk:ar-a03qza 
035 |a (uuid)f57f71cb-283a-4ed0-b96f-4f60f900c540 
040 |a SNKBUCL  |b slo  |c SNKBUCL  |e AACR2 
041 0 |a eng 
044 |a xo  |c SK 
080 |a 539.23  |2 1997 
080 |a 621.793  |2 1997 
100 1 |a Kromka, Alexander  |d 1971-  |4 aut  |9 1296436 
245 1 0 |a Diamond thin film deposition and applications  |b overview  |c Alexander Kromka 
300 |b Grafy, sch., tab. 
504 |a Res. angl. 
504 |a Bibliogr. odkazy 
504 |a Biogr. údaje 
650 0 7 |a povlaky diamantové  |x vylučovanie chemické z plynnej fázy  |2 snkbucl  |9 1296435 
650 0 7 |a diamant  |x vlastnosti  |x využitie  |2 snkbucl  |9 1448311 
650 0 7 |a vylučovanie chemické z plynnej fázy  |2 snkbucl  |9 870918 
655 7 |a články z novín a časopisov  |2 snkbucl  |9 267496 
773 0 |t Journal of electrical engineering  |g Roč. 51, č. 7-8 (2000), s. 209-220  |x 1335-3632 
850 |a Slovenská národná knižnica 
852 |a Slovenská národná knižnica 
958 |a article27 
958 |a NB 
958 |a OND 
958 |a EUIPO 
999 |c 2899392  |d 2901322